00658nam a2200181 i 4500001000700000003000900007005001700016007000300033008004100036100002400077245014900101260003200250300004500282490003600327700003500363830004700398852003100445104254ES-MaACL20250815082228.0t|051125s1952 sp ||||1| spa d1 aMiguel, Antonio de.10aComercio y divisas b: su estructura y ordenación en Europa / cAntonio de Miguel; prólogo del Excmo. Sr. D. Manuel Arburúa de la Miyar... aMadrid : bAguilar, c1952. aXVI, 288 p., 11 gráf. pleg. ; c19 cm.1 aBiblioteca de ciencias sociales1 aArburúa de la Miyar, Manuel.00aBiblioteca de ciencias sociales (Aguilar)  aES-MaACLjD-7943 bR.32385